Moldova (Бичлэгийн дугаар. 146129)
| 000 -УДИРДЛАГА | |
|---|---|
| Удирдлага | 00706nam a22002417a 4500 |
| 003 - ХЯНАЛТЫН ТОО ТОДОРХОЙЛОГЧ | |
| Код | MN-UlNUM |
| 005 - БИЧИЛТ ХИЙСЭН ОГНОО | |
| Тухайн бичилтийг бичсэн засварласан сүүлийн огноо | 20260108101653.0 |
| 008 - ЕРӨНХИЙ МЭДЭЭЛЭЛ | |
| Ерөнхий мэдээлэл | 260108s1994 dcuab||| |||| 00| 0 eng | |
| 020 ## - ISBN | |
| ISBN | 0821327763 |
| 040 ## - БИЧЛЭГ ҮҮСГЭГЧ БАЙГУУЛЛАГА | |
| Бичлэг үүсгэгч номын сангийн код | МУИС-ийн номын сан |
| 084 ## - ББК АНГИЛАЛ | |
| Нэмэлт тусгалт | Бусад |
| ББК ангилал | 65.29 |
| Зохиогчийн гурван тэмдэгт | M 79 |
| Мэдлэгийн ялгаа | 65 - Эдийн засаг |
| 245 00 - ҮНДСЭН ГАРЧИГ | |
| Номын нэр | Moldova |
| Бага гарчгийн мэдээ | Moving to a market economy |
| 260 ## - ГАРАЛТЫН МЭДЭЭ | |
| Хэвлэгдсэн газар | Washington, D.C. : |
| Хэвлэлийн газар | World Bank, |
| Хэвлэгдсэн он | 1994. |
| 300 ## - МАТЕРИАЛЫН ТОДОРХОЙЛОЛТ | |
| хуудасны тоо | xxiii, 104 p. : |
| Бусад тоон мэдээлэл | ill., col. map ; |
| Хэмжээ | 28 cm. |
| 500 ## - Тайлбар | |
| Дансны дугаар | БС 4880 |
| 546 ## - ХЭЛНИЙ ТУХАЙ МЭДЭЭ | |
| Хэл | Англи хэл дээр, |
| 740 ## - НОМЫН ГАРЧИГ | |
| Гарчиг | The Evolving Economic Crisis |
| 740 ## - НОМЫН ГАРЧИГ | |
| Гарчиг | The Response to the Need for Structural Transformation |
| 740 ## - НОМЫН ГАРЧИГ | |
| Гарчиг | The Road Ahead |
| 942 ## - ЭЛЕМЕНТИЙН ТӨРӨЛ | |
| Зүйлийн төрөл | Ном |
